00851nam a22001937a 450000500170000000800410001702000170005804000070007504100080008208200220009010000170011224500380012926000390016730000290020636500640023552003140029965000150061370000290062820230310160544.0230310b ||||| |||| 00| 0 eng d a978178150478 cAL aeng 223a574.191bGLAB aFrank Glaser aBiophysicsbConcepts and advances aUKbKruger Brentt Publishersc2023 axi,352p.bHBc25x18.5cm. 2Generala8204b₹9392.00c₹d₹12523.00e25%f3-03-2023 aIntroduction; emergent physics rules in life; the emergence of the mind in living systems; physics and life; principles of a complex adaptive system; the emergent genome; the puzzle of packing DNA chromosomes; proteins; free energy landscapes; evolution; networks; traditional computers; brain of a nematode. aBiophysics aRoy, Anita; Park Steven.